|
|
|
|
| LEADER |
00000cam a2200000 7i4500 |
| 001 |
0000059371 |
| 005 |
20080407.0 |
| 008 |
080407 bm |
| 020 |
|
|
|a 9833234216
|
| 090 |
0 |
0 |
|a J 499.2386 A'RA
|
| 100 |
1 |
|
|a A.Rashid Lee
|
| 245 |
1 |
0 |
|a Rekaan Luc
|c A.Rashid Lee Dan Hasan Ali
|
| 260 |
|
|
|a Kuala Lumpur :
|b Pustaka Seri Edma ,
|c 2006
|
| 300 |
|
|
|a 24p. :
|b ill. ;
|c 21cm.
|
| 440 |
|
0 |
|a Bacaria
|
| 650 |
0 |
0 |
|a Malay Language-Readers-Fiction
|
| 999 |
|
|
|a 294976
|b Buku
|c Koleksi Pinjaman Kanak-Kanak
|e Perbadanan Perpustakaan Awam Melaka
|
| 999 |
|
|
|a 314103
|b Buku
|c Koleksi Pinjaman Kanak-Kanak
|e Perbadanan Perpustakaan Awam Melaka
|
| 999 |
|
|
|a 314104
|b Buku
|c Koleksi Pinjaman Kanak-Kanak
|e Perbadanan Perpustakaan Awam Melaka
|